[Event "Internationaal Jeugdtoernooi Limburg 2"]
[Site "Stein"]
[Date "1996.07.13"]
[Round "5"]
[White "Kozlowski, Thierry"]
[Black "Backhuis, Roel"]
[Result "1-0"]
[WhiteElo "2145"]
[BlackElo "1444"]
[PlyCount "77"]
[EventDate "1996.07.11"]
[EventType "swiss"]
[EventRounds "7"]
[EventCountry "NED"]
[Source "P.Boonen"]
[SourceDate "2010.01.01"]

1. e4 e5 2. Nf3 Nc6 3. d4 exd4 4. Nxd4 Nf6 5. Nxc6 bxc6 6. Qd4 Be7 7. Nc3 O-O
8. Bc4 c5 9. Qd3 d6 10. O-O Be6 11. f4 Rb8 12. f5 Bxc4 13. Qxc4 Rb4 14. Qd3 Ng4
15. a3 Ne5 16. Qe2 Rb7 17. b3 Bg5 18. Be3 Bxe3+ 19. Qxe3 f6 20. Nd5 Qd7 21. Nf4
Nf7 22. Rad1 Qc6 23. h4 Re8 24. Ne6 Nd8 25. Nxd8 Rxd8 26. Rf4 c4 27. b4 Qb6 28.
Rd4 c5 29. Rxc4 cxb4 30. Qxb6 Rxb6 31. Rxb4 Ra6 32. Rf3 Rc8 33. c4 Rac6 34. Rc3
Re8 35. Rb7 Rxe4 36. Rg3 Rxh4 37. Rbxg7+ Kf8 38. Rg8+ Kf7 39. R3g7# 1-0

[Event "Internationaal Jeugdtoernooi Limburg 2"]
[Site "Stein"]
[Date "1996.07.13"]
[Round "5"]
[White "Middelburg, Tom"]
[Black "Van Gils, Philip"]
[Result "1-0"]
[WhiteElo "2024"]
[BlackElo "1638"]
[PlyCount "51"]
[EventDate "1996.07.11"]
[EventType "swiss"]
[EventRounds "7"]
[EventCountry "NED"]
[Source "P.Boonen"]
[SourceDate "2010.01.01"]

1. e4 c5 2. Nf3 d6 3. d4 cxd4 4. Nxd4 Nf6 5. Nc3 g6 6. Be3 Bg7 7. f3 O-O 8. Qd2
Nc6 9. Bc4 a6 10. h4 h5 11. O-O-O Na5 12. Bb3 Qc7 13. Bg5 e6 14. Nde2 Ne8 15.
g4 hxg4 16. fxg4 b5 17. h5 gxh5 18. Bh6 Nxb3+ 19. axb3 f6 20. gxh5 Kh7 21. Be3
Qf7 22. Rdg1 Bb7 23. Nf4 b4 24. h6 Bh8 25. Rg7+ Qxg7 26. hxg7+ 1-0

[Event "Internationaal Jeugdtoernooi Limburg 2"]
[Site "Stein"]
[Date "1996.07.13"]
[Round "5"]
[White "Paulus, Sami"]
[Black "Heinen, Igor"]
[Result "1-0"]
[WhiteElo "1950"]
[BlackElo "1795"]
[PlyCount "81"]
[EventDate "1996.07.11"]
[EventType "swiss"]
[EventRounds "7"]
[EventCountry "NED"]
[Source "P.Boonen"]
[SourceDate "2010.01.01"]

1. d4 Nf6 2. c4 e6 3. Nf3 b6 4. e3 Bb4+ 5. Bd2 Qe7 6. a3 Bxd2+ 7. Nbxd2 Bb7 8.
Bd3 d6 9. O-O O-O 10. Rc1 Nbd7 11. Qe2 e5 12. e4 Rae8 13. d5 Nc5 14. Bb1 Nh5
15. b4 Nf4 16. Qe3 Na6 17. Nb3 Bc8 18. c5 f5 19. cxb6 cxb6 20. Rc3 g5 21. Rfc1
g4 22. Ne1 Kh8 23. Nd2 Qf6 24. Bd3 Nxd3 25. Qxd3 f4 26. Rxc8 Rxc8 27. Rxc8 Rxc8
28. Qxa6 Rc1 29. Qe2 Qh4 30. Nf1 Kg7 31. Qd2 Rc4 32. Qd3 Rd4 33. Qe2 Qg5 34. f3
h5 35. Nd2 b5 36. Nc2 gxf3 37. Nxf3 Qg6 38. Ncxd4 exd4 39. Nxd4 h4 40. Ne6+ Kh6
41. Nxf4 1-0

[Event "Internationaal Jeugdtoernooi Limburg 2"]
[Site "Stein"]
[Date "1996.07.13"]
[Round "5"]
[White "Peek, Maurice"]
[Black "Kerstens, Dennis"]
[Result "1/2-1/2"]
[WhiteElo "2189"]
[BlackElo "2125"]
[PlyCount "54"]
[EventDate "1996.07.11"]
[EventType "swiss"]
[EventRounds "7"]
[EventCountry "NED"]
[Source "P.Boonen"]
[SourceDate "2010.01.01"]

1. Nf3 Nf6 2. c4 g6 3. g3 d5 4. d4 dxc4 5. Bg2 Nbd7 6. O-O e6 7. Nfd2 Nb6 8. e3
c5 9. dxc5 Bxc5 10. Qe2 Qd3 11. Qxd3 cxd3 12. Rd1 Nbd5 13. Nb3 Be7 14. Rxd3 b6
15. Nc3 Bb7 16. Nxd5 Nxd5 17. Nd4 O-O 18. Rd1 Rad8 19. Bd2 Rd7 20. Rac1 Rfd8
21. Be1 Bf6 22. Bf1 a6 23. Be2 Ne7 24. Bc3 Rc8 25. Kf1 Rdc7 26. Bg4 Kh8 27. Ne2
Bxc3 1/2-1/2

[Event "Internationaal Jeugdtoernooi Limburg 2"]
[Site "Stein"]
[Date "1996.07.13"]
[Round "5"]
[White "Roobol, Martin"]
[Black "Mellegers, Joost"]
[Result "1/2-1/2"]
[WhiteElo "2305"]
[BlackElo "2088"]
[PlyCount "83"]
[EventDate "1996.07.11"]
[EventType "swiss"]
[EventRounds "7"]
[EventCountry "NED"]
[Source "P.Boonen"]
[SourceDate "2010.01.01"]

1. d4 d5 2. Nf3 c6 3. Bf4 Nf6 4. e3 Qb6 5. Qc1 Bf5 6. Be2 e6 7. h3 c5 8. O-O
Nc6 9. c3 Rc8 10. Nbd2 Be7 11. Nb3 c4 12. Nbd2 h6 13. Bd1 O-O 14. Bc2 Bxc2 15.
Qxc2 Rfd8 16. Rfe1 Bd6 17. Bxd6 Rxd6 18. e4 Rdd8 19. e5 Nh7 20. Nh2 Rd7 21. f4
Nxd4 22. cxd4 Qxd4+ 23. Kh1 Qxf4 24. Ndf3 h5 25. Rad1 b5 26. Rd4 Qh6 27. Rh4 g5
28. Rd4 a5 29. Qd2 b4 30. h4 c3 31. bxc3 bxc3 32. Qc1 c2 33. Re2 g4 34. Qxh6
c1=Q+ 35. Qxc1 Rxc1+ 36. Ne1 Rb7 37. Kg1 Rbb1 38. Kf1 Nf8 39. g3 Nd7 40. Kf2
Nc5 41. Nxg4 hxg4 42. Rxg4+ 1/2-1/2

[Event "Internationaal Jeugdtoernooi Limburg 2"]
[Site "Stein"]
[Date "1996.07.13"]
[Round "5"]
[White "Schilperoort, Jeroen"]
[Black "Frenken, Marcel"]
[Result "1/2-1/2"]
[WhiteElo "1596"]
[BlackElo "1997"]
[PlyCount "55"]
[EventDate "1996.07.11"]
[EventType "swiss"]
[EventRounds "7"]
[EventCountry "NED"]
[Source "P.Boonen"]
[SourceDate "2010.01.01"]

1. e4 c5 2. Nf3 e6 3. d4 cxd4 4. Nxd4 Nf6 5. Nc3 d6 6. Be2 a6 7. O-O Qc7 8. Be3
Be7 9. Kh1 Bd7 10. f4 Nc6 11. f5 Nxd4 12. Bxd4 e5 13. Be3 Rc8 14. Rc1 Bc6 15.
Nd5 Bxd5 16. exd5 Qa5 17. c4 Qxa2 18. Ra1 Qxb2 19. Rb1 Qa3 20. Bb6 Bd8 21. Rf3
Qa2 22. Ra1 Qxa1 23. Qxa1 Bxb6 24. Qb1 Bc5 25. Qxb7 O-O 26. Qb1 Rb8 27. Rb3 Ra8
28. Qa2 1/2-1/2

[Event "Internationaal Jeugdtoernooi Limburg 2"]
[Site "Stein"]
[Date "1996.07.13"]
[Round "5"]
[White "Schreiber, Christophe"]
[Black "Utama, Ivan"]
[Result "0-1"]
[WhiteElo "1950"]
[BlackElo "1934"]
[PlyCount "108"]
[EventDate "1996.07.11"]
[EventType "swiss"]
[EventRounds "7"]
[EventCountry "NED"]
[Source "P.Boonen"]
[SourceDate "2010.01.01"]

1. d3 e5 2. Nf3 d6 3. e4 Nf6 4. c4 g6 5. Nc3 Bg7 6. g3 Nbd7 7. Bg2 O-O 8. Rb1
Ne8 9. O-O a5 10. a3 Nc5 11. b4 axb4 12. axb4 Ne6 13. Qb3 Kh8 14. Bb2 Ng5 15.
Nxg5 Qxg5 16. Nd5 Be6 17. Ra1 Rxa1 18. Rxa1 Bxd5 19. cxd5 f5 20. Qc2 h5 21. Bc1
Qf6 22. Ra7 b6 23. Ra8 Kh7 24. Qd2 f4 25. Bh3 Bh6 26. Rc8 Qg7 27. Qc2 fxg3 28.
hxg3 Bxc1 29. Qxc1 Qf6 30. Qc2 h4 31. Bd7 hxg3 32. Rxe8 Qh4 33. f3 Rxf3 34. Be6
Rf1+ 35. Kxf1 Qh1+ 36. Ke2 Qg2+ 37. Kd1 Qxc2+ 38. Kxc2 g2 39. Re7+ Kh6 40. Rxc7
g1=Q 41. Rc6 Qf2+ 42. Kd1 Qd4 43. Rxd6 Qxd3+ 44. Kc1 Qc3+ 45. Kd1 Qd4+ 46. Kc1
Qc4+ 47. Kd1 Qxe4 48. Rd8 Qd4+ 49. Kc2 Qc4+ 50. Kd1 e4 51. Bc8 e3 52. d6 Qd3+
53. Kc1 Qd2+ 54. Kb1 e2 0-1

[Event "Internationaal Jeugdtoernooi Limburg 2"]
[Site "Stein"]
[Date "1996.07.13"]
[Round "5"]
[White "Snoeck, Rene"]
[Black "Spaapen, Robbert"]
[Result "1-0"]
[WhiteElo "1553"]
[BlackElo "1658"]
[PlyCount "103"]
[EventDate "1996.07.11"]
[EventType "swiss"]
[EventRounds "7"]
[EventCountry "NED"]
[Source "P.Boonen"]
[SourceDate "2010.01.01"]

1. d4 Nf6 2. c4 c5 3. d5 b5 4. cxb5 a6 5. b6 e6 6. Nc3 Bb7 7. e4 d6 8. a4 Qxb6
9. a5 Qc7 10. Bc4 Nbd7 11. dxe6 fxe6 12. Bxe6 Nxe4 13. Nd5 Qc6 14. Qh5+ g6 15.
Qf3 O-O-O 16. Qxe4 Re8 17. Ne2 Kb8 18. Bxd7 Qxd7 19. Nf6 Qe7 20. Qxe7 Rxe7 21.
f3 d5 22. Kf2 h5 23. Nc3 d4 24. Bf4+ Ka7 25. Na4 Rf7 26. Rhe1 Rxf6 27. Be5 Bg7
28. Bxf6 Bxf6 29. Re6 Rf8 30. Nxc5 Bc8 31. Re2 Bf5 32. Rd1 Rc8 33. Ne4 Be5 34.
Ng3 Bc2 35. Rdd2 Bxg3+ 36. Kxg3 d3 37. Re7+ Kb8 38. Re6 Kb7 39. h4 Rc6 40. Rxc6
Kxc6 41. Kf4 Kb5 42. Ke3 Kxa5 43. Rxd3 Bxd3 44. Kxd3 Kb4 45. Kc2 Kc4 46. g4 Kd4
47. Kd2 a5 48. b3 hxg4 49. fxg4 Ke4 50. h5 gxh5 51. gxh5 Kf5 52. Kc3 1-0

[Event "Internationaal Jeugdtoernooi Limburg 2"]
[Site "Stein"]
[Date "1996.07.13"]
[Round "5"]
[White "Solakian, Jerome"]
[Black "Van Wissen, Michiel"]
[Result "1/2-1/2"]
[WhiteElo "2215"]
[BlackElo "2138"]
[PlyCount "60"]
[EventDate "1996.07.11"]
[EventType "swiss"]
[EventRounds "7"]
[EventCountry "NED"]
[Source "P.Boonen"]
[SourceDate "2010.01.01"]

1. e4 d6 2. d4 Nf6 3. Nc3 g6 4. f4 Bg7 5. Nf3 c5 6. Bb5+ Bd7 7. e5 Ng4 8. Bxd7+
Qxd7 9. d5 dxe5 10. h3 e4 11. Nxe4 Nf6 12. Nxf6+ Bxf6 13. O-O O-O 14. Ne5 Qd6
15. Ng4 Bd4+ 16. Kh1 f5 17. Nh2 Rd8 18. c4 e6 19. dxe6 Qxe6 20. Qb3 Nc6 21. Bd2
Qf7 22. Nf3 Bf6 23. Rad1 Nd4 24. Nxd4 cxd4 25. Qd3 Re8 26. Rfe1 Rxe1+ 27. Bxe1
Re8 28. Bf2 Re4 29. g3 Qe6 30. Kg1 Qc6 1/2-1/2

[Event "Internationaal Jeugdtoernooi Limburg 2"]
[Site "Stein"]
[Date "1996.07.13"]
[Round "5"]
[White "Van der Erf, Remco"]
[Black "Van Haastert, Edwin"]
[Result "1/2-1/2"]
[WhiteElo "2149"]
[BlackElo "2280"]
[PlyCount "34"]
[EventDate "1996.07.11"]
[EventType "swiss"]
[EventRounds "7"]
[EventCountry "NED"]
[Source "P.Boonen"]
[SourceDate "2010.01.01"]

1. d4 c5 2. d5 e5 3. c4 d6 4. Nc3 Be7 5. e4 Bg5 6. Nf3 Bxc1 7. Rxc1 Nf6 8. g3
O-O 9. Bg2 Qa5 10. O-O a6 11. a4 Bd7 12. Nd2 Ne8 13. f4 f6 14. Qh5 Qd8 15. Bh3
b6 16. Nf3 Bxh3 17. Qxh3 Qd7 1/2-1/2

[Event "Internationaal Jeugdtoernooi Limburg 2"]
[Site "Stein"]
[Date "1996.07.13"]
[Round "5"]
[White "Van der Zwet, Bart"]
[Black "Balcerak, Magdalena"]
[Result "1-0"]
[WhiteElo "1848"]
[BlackElo "1680"]
[PlyCount "93"]
[EventDate "1996.07.11"]
[EventType "swiss"]
[EventRounds "7"]
[EventCountry "NED"]
[Source "P.Boonen"]
[SourceDate "2010.01.01"]

1. e4 c5 2. Nf3 d6 3. d4 cxd4 4. Qxd4 Nc6 5. Bb5 Bd7 6. Bxc6 Bxc6 7. Nc3 Nf6 8.
Bg5 e6 9. O-O-O Be7 10. Rd2 Qc7 11. Rhd1 a6 12. Qe3 Rd8 13. h3 b5 14. Nd4 b4
15. Bxf6 Bxf6 16. Nd5 Bxd5 17. exd5 Bxd4 18. Qxd4 e5 19. Qxb4 O-O 20. Rd3 Rb8
21. Rc3 Qe7 22. Qa3 Rb6 23. Rc6 Rfb8 24. Rxb6 Rxb6 25. c4 Qg5+ 26. Qe3 Qd8 27.
Rd3 Qb8 28. Rb3 Rxb3 29. Qxb3 Qd8 30. Qe3 Qa5 31. Kc2 h6 32. a3 Qc7 33. Qe2 Qb6
34. Qe3 Qc7 35. b3 a5 36. Kc3 f5 37. f3 g5 38. b4 axb4+ 39. axb4 Qg7 40. c5 Qa7
41. Kb3 dxc5 42. Qxc5 Qa6 43. Qc6 Qd3+ 44. Ka4 Qd1+ 45. Kb5 Qe2+ 46. Qc4 Qxg2
47. d6+ 1-0

[Event "Internationaal Jeugdtoernooi Limburg 2"]
[Site "Stein"]
[Date "1996.07.13"]
[Round "5"]
[White "Vrancken, Gilbert"]
[Black "Conaert, Ronny"]
[Result "1-0"]
[WhiteElo "1858"]
[BlackElo "1810"]
[PlyCount "75"]
[EventDate "1996.07.11"]
[EventType "swiss"]
[EventRounds "7"]
[EventCountry "NED"]
[Source "P.Boonen"]
[SourceDate "2010.01.01"]

1. d4 d5 2. Nf3 Bg4 3. Ne5 Bf5 4. c4 dxc4 5. Nc3 Nf6 6. f3 e6 7. e4 Bg6 8. Bxc4
c6 9. O-O Nbd7 10. Nxd7 Qxd7 11. Kh1 Be7 12. Be3 O-O 13. Qe1 b5 14. Bb3 Rad8
15. a4 b4 16. Ne2 a5 17. Nf4 Qc7 18. Qg3 Qa7 19. Qf2 Qb7 20. Rac1 Nd7 21. h4 e5
22. dxe5 Nxe5 23. h5 Bxe4 24. fxe4 Ng4 25. Qf3 Nxe3 26. Qxe3 Rd6 27. Rcd1 Rh6
28. Qf3 Bg5 29. Ne6 Rxe6 30. Bxe6 Bf6 31. Bb3 Qe7 32. Qf5 c5 33. Rd7 Qe8 34. e5
Be7 35. g4 h6 36. Bd5 Kh8 37. Ra7 Qd8 38. Qd7 1-0

[Event "Internationaal Jeugdtoernooi Limburg 2"]
[Site "Stein"]
[Date "1996.07.13"]
[Round "6"]
[White "Abeln, Michiel"]
[Black "Buch, Thomas"]
[Result "1-0"]
[WhiteElo "2120"]
[BlackElo "2015"]
[PlyCount "61"]
[EventDate "1996.07.11"]
[EventType "swiss"]
[EventRounds "7"]
[EventCountry "NED"]
[Source "P.Boonen"]
[SourceDate "2010.01.01"]

1. e4 Nf6 2. e5 Nd5 3. d4 d6 4. c4 Nb6 5. exd6 cxd6 6. Nc3 g6 7. Be3 Bg7 8. Rc1
Nc6 9. b3 O-O 10. d5 Ne5 11. Be2 h5 12. h3 f5 13. f4 Nf7 14. Nf3 e5 15. dxe6
Bxe6 16. O-O Re8 17. Qd2 Nd7 18. Nd4 Nc5 19. Bf3 Qe7 20. Rfe1 a5 21. Rcd1 Ra6
22. Bf2 Qd7 23. Ndb5 Qc8 24. Re2 Bd7 25. Rxe8+ Bxe8 26. Nd5 Kh7 27. Nbc7 Rc6
28. Qxa5 Ne4 29. Bxe4 fxe4 30. Re1 Qd8 31. Rxe4 1-0

[Event "Internationaal Jeugdtoernooi Limburg 2"]
[Site "Stein"]
[Date "1996.07.13"]
[Round "6"]
[White "Aubel, Jochem"]
[Black "Van der Erf, Remco"]
[Result "1-0"]
[WhiteElo "2173"]
[BlackElo "2149"]
[PlyCount "84"]
[EventDate "1996.07.11"]
[EventType "swiss"]
[EventRounds "7"]
[EventCountry "NED"]
[Source "P.Boonen"]
[SourceDate "2010.01.01"]

1. d4 Nf6 2. c4 c5 3. d5 b5 4. cxb5 a6 5. bxa6 g6 6. Nc3 Bxa6 7. e4 Bxf1 8.
Kxf1 d6 9. Nf3 Bg7 10. g3 O-O 11. Kg2 Nbd7 12. Re1 Ra6 13. h3 Qa8 14. Qc2 Rb8
15. Rb1 e6 16. dxe6 fxe6 17. b3 Rab6 18. Bd2 Rb4 19. Ng5 Re8 20. Na4 Rbb8 21.
Bf4 h6 22. Nf3 Rb4 23. Nc3 d5 24. exd5 g5 25. dxe6 Nf8 26. e7 gxf4 27. exf8=Q+
Rxf8 28. g4 c4 29. Ne4 Nd5 30. bxc4 Rxb1 31. Rxb1 Qc6 32. Qb3 Ne3+ 33. fxe3
Qxe4 34. exf4 Qxf4 35. Re1 Kh8 36. Qe3 Qxc4 37. Qe6 Qc3 38. Nh4 Qb2+ 39. Re2
Qb7+ 40. Qe4 Qxe4+ 41. Rxe4 Rc8 42. Nf5 Bf6 1-0

[Event "Internationaal Jeugdtoernooi Limburg 2"]
[Site "Stein"]
[Date "1996.07.13"]
[Round "6"]
[White "Backhuis, Roel"]
[Black "Van Elmpt, Wouter"]
[Result "1/2-1/2"]
[WhiteElo "1444"]
[BlackElo "1527"]
[PlyCount "34"]
[EventDate "1996.07.11"]
[EventType "swiss"]
[EventRounds "7"]
[EventCountry "NED"]
[Source "P.Boonen"]
[SourceDate "2010.01.01"]

1. d4 Nf6 2. c4 e5 3. dxe5 Ng4 4. Nf3 Nc6 5. Nc3 Bb4 6. Bd2 Ngxe5 7. Nxe5 Nxe5
8. e3 O-O 9. a3 Bd6 10. Ne4 Be7 11. Bc3 d6 12. Qd4 Bf6 13. Nxf6+ Qxf6 14. O-O-O
Qxf2 15. c5 Bf5 16. Rd2 Qe1+ 17. Rd1 Qf2 1/2-1/2

[Event "Internationaal Jeugdtoernooi Limburg 2"]
[Site "Stein"]
[Date "1996.07.13"]
[Round "6"]
[White "Balcerak, Jakob"]
[Black "Kerstens, Dennis"]
[Result "1/2-1/2"]
[WhiteElo "2175"]
[BlackElo "2125"]
[PlyCount "82"]
[EventDate "1996.07.11"]
[EventType "swiss"]
[EventRounds "7"]
[EventCountry "NED"]
[Source "P.Boonen"]
[SourceDate "2010.01.01"]

1. e4 e5 2. Nf3 Nc6 3. Bb5 a6 4. Ba4 Nf6 5. O-O Nxe4 6. d4 exd4 7. Re1 d5 8.
Nxd4 Bd6 9. Nxc6 Bxh2+ 10. Kf1 Qh4 11. Rxe4+ dxe4 12. Qd5 O-O 13. Bg5 Qg4 14.
Ne7+ Kh8 15. Nxc8 c6 16. Qd2 Raxc8 17. Nc3 f5 18. Be7 Rfe8 19. Qg5 Qxg5 20.
Bxg5 h6 21. Be3 Be5 22. Rd1 Red8 23. Bb6 Rxd1+ 24. Nxd1 Bc7 25. Bd4 Bd6 26. Ne3
Rf8 27. Bb6 g6 28. Nc4 Bb8 29. Bb3 Re8 30. Ke2 Kh7 31. Ke3 g5 32. Na5 Re7 33.
Bc5 Rd7 34. Be6 Bf4+ 35. Ke2 Rd2+ 36. Ke1 Rxc2 37. Bxf5+ Kg8 38. Bd4 Rc1+ 39.
Ke2 Rc2+ 40. Ke1 Rc1+ 41. Ke2 Rc2+ 1/2-1/2

[Event "Internationaal Jeugdtoernooi Limburg 2"]
[Site "Stein"]
[Date "1996.07.13"]
[Round "6"]
[White "Balcerak, Magdalena"]
[Black "Van Gemen, Felix"]
[Result "1/2-1/2"]
[WhiteElo "1680"]
[BlackElo "1658"]
[PlyCount "32"]
[EventDate "1996.07.11"]
[EventType "swiss"]
[EventRounds "7"]
[EventCountry "NED"]
[Source "P.Boonen"]
[SourceDate "2010.01.01"]

1. e4 e6 2. d4 d5 3. Nc3 Bb4 4. e5 c5 5. a3 Bxc3+ 6. bxc3 Qc7 7. Nf3 Bd7 8. Bd3
c4 9. Be2 Ba4 10. O-O Nd7 11. Ne1 O-O-O 12. f4 f5 13. Rb1 Ne7 14. Nf3 h6 15.
Nh4 Rdg8 16. Nf3 Nf8 1/2-1/2

[Event "Internationaal Jeugdtoernooi Limburg 2"]
[Site "Stein"]
[Date "1996.07.13"]
[Round "6"]
[White "Conaert, Ronny"]
[Black "Holtackers, Daan"]
[Result "1-0"]
[WhiteElo "1810"]
[BlackElo "1787"]
[PlyCount "71"]
[EventDate "1996.07.11"]
[EventType "swiss"]
[EventRounds "7"]
[EventCountry "NED"]
[Source "P.Boonen"]
[SourceDate "2010.01.01"]

1. e4 c5 2. Nf3 e6 3. d4 cxd4 4. Nxd4 Nf6 5. Bd3 d6 6. O-O Be7 7. c4 Nbd7 8.
Nd2 O-O 9. b3 a6 10. Bb2 Qc7 11. Rc1 b6 12. Bb1 Rd8 13. Qc2 Bb7 14. Rfe1 Rac8
15. Re3 Nf8 16. Ne2 Ba8 17. Ng3 Qb7 18. Qd1 Rd7 19. Bxf6 Bxf6 20. Nh5 Be7 21.
Qg4 Ng6 22. f4 d5 23. f5 Bc5 24. Nf1 Bxe3+ 25. Nxe3 d4 26. fxe6 fxe6 27. Qxe6+
Kh8 28. Nd5 Rcd8 29. Rf1 b5 30. Bd3 Qc6 31. Qf5 Qd6 32. Nhf4 Ne5 33. c5 Qb8 34.
Ne6 Rg8 35. Ndf4 Rf7 36. Ng6+ 1-0

[Event "Internationaal Jeugdtoernooi Limburg 2"]
[Site "Stein"]
[Date "1996.07.13"]
[Round "6"]
[White "Frenken, Marcel"]
[Black "Van der Zwet, Bart"]
[Result "1/2-1/2"]
[WhiteElo "1997"]
[BlackElo "1848"]
[PlyCount "21"]
[EventDate "1996.07.11"]
[EventType "swiss"]
[EventRounds "7"]
[EventCountry "NED"]
[Source "P.Boonen"]
[SourceDate "2010.01.01"]

1. e4 e5 2. Nf3 Nf6 3. Nc3 Nc6 4. d4 exd4 5. Nxd4 Bb4 6. Nxc6 Bxc3+ 7. bxc3
bxc6 8. Bd3 d6 9. O-O O-O 10. Qf3 Ng4 11. Qg3 1/2-1/2

[Event "Internationaal Jeugdtoernooi Limburg 2"]
[Site "Stein"]
[Date "1996.07.13"]
[Round "6"]
[White "Kipper, Jens"]
[Black "Kozlowski, Thierry"]
[Result "1-0"]
[WhiteElo "2145"]
[BlackElo "2145"]
[PlyCount "35"]
[EventDate "1996.07.11"]
[EventType "swiss"]
[EventRounds "7"]
[EventCountry "NED"]
[Source "P.Boonen"]
[SourceDate "2010.01.01"]

1. d4 Nf6 2. c4 g6 3. Nc3 Bg7 4. e4 d6 5. Nf3 O-O 6. Be2 e5 7. O-O Nc6 8. d5
Ne7 9. Nd2 Nd7 10. b4 f5 11. c5 Nf6 12. Ba3 a6 13. f3 h5 14. Nc4 f4 15. b5 Ne8
16. b6 dxc5 17. bxc7 Qxc7 18. d6 1-0

[Event "Internationaal Jeugdtoernooi Limburg 2"]
[Site "Stein"]
[Date "1996.07.13"]
[Round "6"]
[White "Kuipers, Eelco"]
[Black "Dambacher, Martijn"]
[Result "1/2-1/2"]
[WhiteElo "2253"]
[BlackElo "2196"]
[PlyCount "87"]
[EventDate "1996.07.11"]
[EventType "swiss"]
[EventRounds "7"]
[EventCountry "NED"]
[Source "P.Boonen"]
[SourceDate "2010.01.01"]

1. e4 c5 2. a3 e6 3. b4 d5 4. exd5 exd5 5. bxc5 Bxc5 6. d4 Be7 7. Bd3 Nf6 8.
Ne2 O-O 9. O-O Nc6 10. h3 Re8 11. Nd2 Ne4 12. Nxe4 dxe4 13. Bxe4 Bf6 14. Bxc6
bxc6 15. Be3 c5 16. c3 cxd4 17. cxd4 Bb7 18. Rb1 Qd7 19. Nf4 g6 20. Qg4 Qxg4
21. hxg4 Be4 22. Rbc1 Rad8 23. Rfd1 Rd7 24. Rc4 Bg5 25. Rdc1 Red8 26. Rc8 Bxf4
27. Rxd8+ Rxd8 28. Bxf4 f6 29. Be3 Rd7 30. f3 Bb7 31. Kf2 g5 32. Rc5 Kf7 33.
Bd2 Ke6 34. Ke3 Rd5 35. Rc7 Rd7 36. Rc1 Bd5 37. Bb4 Bb7 38. Bc5 Bd5 39. Rb1 f5
40. gxf5+ Kxf5 41. Rb8 g4 42. Rf8+ Kg5 43. fxg4 Kxg4 44. Kf2 1/2-1/2

[Event "Internationaal Jeugdtoernooi Limburg 2"]
[Site "Stein"]
[Date "1996.07.13"]
[Round "6"]
[White "Lemmers, Ruud"]
[Black "Van Wissen, Michiel"]
[Result "0-1"]
[WhiteElo "1915"]
[BlackElo "2138"]
[PlyCount "76"]
[EventDate "1996.07.11"]
[EventType "swiss"]
[EventRounds "7"]
[EventCountry "NED"]
[Source "P.Boonen"]
[SourceDate "2010.01.01"]

1. e4 d6 2. d4 g6 3. Nc3 Bg7 4. Be3 a6 5. Qd2 b5 6. f3 Bb7 7. a4 b4 8. Nd1 a5
9. c3 bxc3 10. bxc3 Nd7 11. Bd3 c6 12. Ne2 Qc7 13. O-O Ngf6 14. Nf2 O-O 15.
Rfb1 Rfb8 16. Rb3 Nb6 17. Rab1 Nfd7 18. Qa2 Ba6 19. R3b2 Qa7 20. Bg5 Bxd3 21.
Nxd3 e5 22. Be3 Qa6 23. Ne1 Qc4 24. dxe5 Qxa2 25. Rxa2 Nc4 26. Rxb8+ Rxb8 27.
Kf2 Ndxe5 28. Bf4 Nb2 29. Nd4 Nd1+ 30. Kf1 Rb1 31. Bxe5 Bxe5 32. Nxc6 Bxc3 33.
Re2 Nb2 34. Ne7+ Kg7 35. Nd5 Nxa4 36. Nxc3 Nxc3 37. Re3 Rc1 38. Rd3 a4 0-1

[Event "Internationaal Jeugdtoernooi Limburg 2"]
[Site "Stein"]
[Date "1996.07.13"]
[Round "6"]
[White "Mellegers, Joost"]
[Black "Solakian, Jerome"]
[Result "1/2-1/2"]
[WhiteElo "2088"]
[BlackElo "2215"]
[PlyCount "60"]
[EventDate "1996.07.11"]
[EventType "swiss"]
[EventRounds "7"]
[EventCountry "NED"]
[Source "P.Boonen"]
[SourceDate "2010.01.01"]

1. Nf3 d5 2. d4 Nf6 3. c4 e6 4. Nc3 c6 5. e3 Nbd7 6. Qc2 b6 7. Bd3 Ba6 8. cxd5
Bxd3 9. Qxd3 cxd5 10. Bd2 a6 11. O-O Bd6 12. Rac1 O-O 13. e4 dxe4 14. Nxe4 Nxe4
15. Qxe4 Nf6 16. Qe2 Qd7 17. Rc2 Qb7 18. Rfc1 Rac8 19. h3 Rxc2 20. Rxc2 Rc8 21.
Qd1 h6 22. Qc1 Rxc2 23. Qxc2 Nd5 24. a3 Qd7 25. Qc4 b5 26. Qc2 Ne7 27. Be3 Nc6
28. Qd2 Bc7 29. Qc1 Na5 30. Nd2 Bd6 1/2-1/2

[Event "Internationaal Jeugdtoernooi Limburg 2"]
[Site "Stein"]
[Date "1996.07.13"]
[Round "6"]
[White "Schilperoort, Jeroen"]
[Black "Chamaillard, Sylvain"]
[Result "0-1"]
[WhiteElo "1596"]
[BlackElo "2100"]
[PlyCount "84"]
[EventDate "1996.07.11"]
[EventType "swiss"]
[EventRounds "7"]
[EventCountry "NED"]
[Source "P.Boonen"]
[SourceDate "2010.01.01"]

1. e4 c5 2. Nf3 e6 3. d4 cxd4 4. Nxd4 Nc6 5. Be3 Qc7 6. Be2 Nxd4 7. Bxd4 Ne7 8.
O-O Nc6 9. Be3 a6 10. Nc3 b5 11. a3 Be7 12. Kh1 O-O 13. f4 Bb7 14. Bf3 Rfc8 15.
e5 Na5 16. Bxb7 Qxb7 17. Ne2 Qe4 18. Qd3 Qxd3 19. cxd3 Nb3 20. Rab1 Rc2 21. Nc1
Nxc1 22. Rfxc1 Rac8 23. Bd2 f6 24. Bc3 Rxc1+ 25. Rxc1 fxe5 26. fxe5 a5 27. Bd2
Rxc1+ 28. Bxc1 Bc5 29. Bd2 Bd4 30. Bc3 Bxc3 31. bxc3 Kf7 32. g4 Kg6 33. Kg2 h5
34. h3 hxg4 35. hxg4 Kg5 36. Kg3 a4 37. d4 g6 38. Kf3 Kh4 39. d5 g5 40. dxe6
dxe6 41. Ke3 Kxg4 42. Kd4 Kf4 0-1

[Event "Internationaal Jeugdtoernooi Limburg 2"]
[Site "Stein"]
[Date "1996.07.13"]
[Round "6"]
[White "Utama, Ivan"]
[Black "Peek, Maurice"]
[Result "0-1"]
[WhiteElo "1934"]
[BlackElo "2189"]
[PlyCount "54"]
[EventDate "1996.07.11"]
[EventType "swiss"]
[EventRounds "7"]
[EventCountry "NED"]
[Source "P.Boonen"]
[SourceDate "2010.01.01"]

1. d4 Nf6 2. Bg5 e6 3. Nd2 c5 4. e3 cxd4 5. exd4 Be7 6. Ngf3 O-O 7. Bd3 Nc6 8.
c3 d6 9. O-O Nd5 10. Bxe7 Ncxe7 11. g3 Ng6 12. Qe2 f5 13. Bc4 Qf6 14. Bxd5 exd5
15. Qb5 Be6 16. c4 dxc4 17. d5 Bf7 18. Nxc4 Rac8 19. Nfd2 Rc5 20. Qxb7 Bxd5 21.
Qa6 Qd4 22. b3 Rc6 23. Qa5 f4 24. Rad1 Rc5 25. Qa6 fxg3 26. hxg3 Ba8 27. Qxd6
Rh5 0-1

[Event "Internationaal Jeugdtoernooi Limburg 2"]
[Site "Stein"]
[Date "1996.07.13"]
[Round "6"]
[White "Van Gils, Philip"]
[Black "Paulus, Sami"]
[Result "1-0"]
[WhiteElo "1638"]
[BlackElo "1950"]
[PlyCount "39"]
[EventDate "1996.07.11"]
[EventType "swiss"]
[EventRounds "7"]
[EventCountry "NED"]
[Source "P.Boonen"]
[SourceDate "2010.01.01"]

1. e4 c5 2. Nc3 Nc6 3. g3 g6 4. Bg2 Bg7 5. d3 d6 6. Nge2 e6 7. O-O Nge7 8. Be3
Nd4 9. Qd2 O-O 10. Nd1 Rb8 11. c3 Nxe2+ 12. Qxe2 e5 13. f4 f5 14. fxe5 Bxe5 15.
exf5 Nxf5 16. Bxc5 Re8 17. Bd5+ Kh8 18. Be3 Bxg3 19. hxg3 Nxg3 20. Bd4+ 1-0